| 000 | 00385pab a2200157 454500 | ||
|---|---|---|---|
| 008 | 180718b2014 xxu||||| |||| 00| 0 eng d | ||
| 100 | _aMabbett, Deborah | ||
| 245 | _aRepresentative and responsible immigration policy | ||
| 260 | _c2014 | ||
| 300 | _ap.351-353. | ||
| 362 | _aJul-Sep | ||
| 650 | _aImmigration | ||
| 773 | _aPolitical Quarterly | ||
| 908 | _aN | ||
| 909 | _a106313 | ||
| 999 |
_c106308 _d106308 |
||